00876nam a2200265 a 450000100060000000300080000600500170001400800410003102000320007203500190010404000270012304100080015008200280015810000380018624500640022425000130028826000450030130000350034649000310038150400410041265000350045370000420048870000300053083000500056050151BD-RjUL20211209075451.0160823s1984 enka b 001 0 eng  a0043381219 (pbk.) :c$12.95 a(BD-RjUL)50271 aDLCcDLCdBD-RjULbeng aeng00a380.50941223bSTT 19841 aStubbs, P. C.q(Peter C.),d1937-10aTransport economics /cP.C. Stubbs, W.J. Tyson, M.Q. Dalvi. aRev. ed. aLondon ;aBoston :bAllen & Unwin,c1984 aviii, 216 p. :bill. ;c22 cm.1 aStudies in economics ;v15 aBibliography: p. 205-213. and index. 0aTransportationzGreat Britain.1 aTyson, W. J.q(William James),d1946-1 aDalvi, M. Q.q(M. Quasim) 0aStudies in economics (London, England) ;v15.